Hearts of Iron IV Countries Quiz - Statistics

General Stats
  • This quiz has been taken 85 times
    72 since last reset
  • The average score is 81 of 100
Answers on the Map
Answers color-coded by a green-red scale on the quiz's map according to % correct below.
 
Answer Stats
Answer % Correct
Finland
96%
France
96%
Germany
96%
Italy
96%
Japan
96%
Poland
96%
Portugal
96%
Spain
96%
United Kingdom
96%
Afghanistan
94%
Belgium
94%
Denmark
94%
Estonia
94%
Hungary
94%
Iran
94%
Netherlands
94%
Norway
94%
Soviet Union
94%
Turkey
94%
United States
94%
Yugoslavia
94%
Albania
91%
Argentina
91%
Austria
91%
Brazil
91%
British Raj
91%
Bulgaria
91%
Canada
91%
Czechoslovakia
91%
Greece
91%
Ireland
91%
Latvia
91%
Lithuania
91%
South Africa
91%
Sweden
91%
Switzerland
91%
Australia
89%
Belgian Congo
89%
Chile
89%
China
89%
Colombia
89%
Iceland
89%
Iraq
89%
Liberia
89%
Mandatory Palestine
89%
Mexico
89%
Mongolia
89%
Oman
89%
Panama
89%
Paraguay
89%
Peru
89%
Saudi Arabia
89%
Tibet
89%
Uruguay
89%
Venezuela
89%
Yemen
89%
Cuba
87%
Dutch East Indies
87%
Haiti
87%
Nepal
87%
Philippines
87%
Syria
87%
Tannu Tuva
87%
Bhutan
85%
Bolivia
85%
British Burma
85%
Dominican Republic
85%
Ecuador
85%
El Salvador
85%
Ethiopia
85%
Honduras
85%
Nicaragua
85%
Jordan
83%
Lebanon
83%
Manchukuo
83%
New Zealand
83%
Romania
83%
Thailand
83%
British Malaya
81%
Costa Rica
81%
Guatemala
81%
Kuwait
81%
Luxembourg
77%
Chinese Soviet Republic
74%
Yunnan
64%
Sinkiang
51%
Shanxi
49%
Aussa
38%
Guangxi Clique
38%
Shandong Clique
38%
Guangdong Clique
36%
Mengjiang
28%
Gansu Ma
21%
Northeastern Army
21%
Qinghai Ma
21%
Khotan Ma
19%
Ningxia Ma
19%
Sichuan Clique
17%
Hebei-Chahar
11%
No matching quizzes found
Score Distribution
Percent of People with Each Score
Percentile by Number Answered
Your Score History
You have not taken this quiz since the last reset